Vista normal
Vista MARC
Entrada Materia (personas)
Número de registros utilizados en: 1
001 - CONTROL NUMBER
- control field: 28374
003 - CONTROL NUMBER IDENTIFIER
- control field: Co-BoUCM
005 - DATE AND TIME OF LATEST TRANSACTION
- control field: 20130212160801.0
008 - FIXED-LENGTH DATA ELEMENTS
- fixed length control field: 130212|| aca||aabn | a|a d
040 ## - CATALOGING SOURCE
- Original cataloging agency: Co-BoUCM
- Transcribing agency: Co-BoUCM
100 ## - HEADING--PERSONAL NAME
- Personal name: Vergé, Charles,
- Dates associated with a name: b. 1851
670 ## - SOURCE DATA FOUND
- Source citation: Work cat.: (Co-BoUCM)164618: 28353 Griolet, Gastón 1842-1934, Additions au Nouveau Code Civil. Annoté et expliqué d’après la jurisprudence et la doctrina., 1921